Les masques du héros (Record no. 171103)

MARC details
000 -LEADER
campo de control de longitud fija 00746nam a2200217 i 4500
001 - NÚMERO DE CONTROL
campo de control 171103
003 - IDENTIFICADOR DE NÚMERO DE CONTROL
campo de control ES-MaACL
005 - FECHA Y HORA DE LA ÚLTIMA TRANSACCIÓN
campo de control 20240217063016.0
007 - CAMPO FIJO DE DESCRIPCIÓN FÍSICA--INFORMACIÓN GENERAL
campo de control de longitud fija t|
008 - DATOS DE LONGITUD FIJA--INFORMACIÓN GENERAL
campo de control de longitud fija 090428s2001 fr ||||1| fre d
080 ## - NÚMERO DE LA CLASIFICACIÓN DECIMAL UNIVERSAL
Número de la Clasificación Decimal Universal 821.134.2-31"19"
100 1# - ENTRADA PRINCIPAL--NOMBRE DE PERSONA
Nombre de persona Prada, Juan Manuel de,
Fechas asociadas al nombre 1970-
9 (RLIN) 93574
245 14 - MENCIÓN DEL TÍTULO
Título Les masques du héros
Resto del título : roman /
Mención de responsabilidad, etc. Juan Manuel de Prada ; traduit de l'espagnol par Gabriel Iaculli.
260 ## - PUBLICACIÓN, DISTRIBUCIÓN, ETC.
Lugar de publicación, distribución, etc. [Paris] :
Nombre del editor, distribuidor, etc. Éditions du Seuil,
Fecha de publicación, distribución, etc. 2001.
300 ## - DESCRIPCIÓN FÍSICA
Extensión 633 p. ;
Dimensiones 18 cm.
490 1# - MENCIÓN DE SERIE
Mención de serie Points ;
Designación de volumen o secuencia 871
594 ## - Nota al título y mención de responsabilidad
Nota al título y mención de responsabilidad Traducción de: Lás máscaras del héroe.
830 0# - PUNTO DE ACCESO ADICIONAL DE SERIE-TÍTULO UNIFORME
Título uniforme Points ;
Designación de volumen o secuencia 871
9 (RLIN) 184077
852 4# - LOCALIZACIÓN
Ubicación ES-MaACL
Número de control de estantería E-12617
itemnumber R.140225
Nota libre . - Biblioteca Jacinto Martínez Lacalle
Holdings
Estatus retirado Estado de pérdida Estado de daño No para préstamo Biblioteca de origen Biblioteca actual Ubicación en estantería Fecha de adquisición Fuente de adquisición Total de préstamos Signatura topográfica completa Código de barras Visto por última vez Precio de reemplazo Tipo de ítem Koha
        Biblioteca del Ateneo de Madrid Biblioteca del Ateneo de Madrid Depósito 2 28/04/2009     E-12617 1179567 23/02/2023 23/02/2023 Libro impreso